International Review of Economics & Finance

Saved in:
Bibliographic Details
Format: Serial
Language:English
Published: Amsterdam Elsevier Science B.V.
Tags: Add Tag
No Tags, Be the first to tag this record!

MARC

LEADER 00000nas1a2200000 4500
001 0247912
005 20250701092104.2
022 |a 1059-0560 
041 0 |a eng 
044 |a NL 
245 1 0 |a International Review of Economics & Finance 
264 1 |a Amsterdam  |b Elsevier Science B.V.